[Event "Frankfurt-chA"]
[Site "Frankfurt"]
[Date "2012.06.18"]
[Round "7"]
[White "Weber, Axel"]
[Black "Weber, Andreas"]
[Result "0-1"]
[WhiteElo "1490"]
[BlackElo "1723"]
[PlyCount "32"]
[EventDate "2012.04.30"]
[EventType "swiss"]
[EventRounds "7"]
[EventCountry "GER"]
[SourceTitle "EXT 2013"]
[Source "ChessBase"]
[SourceDate "2012.11.22"]
[SourceVersion "1"]
[SourceVersionDate "2012.11.22"]
[SourceQuality "1"]

1. d4 Nf6 2. c4 g6 3. Nc3 d5 4. Bg5 Ne4 5. Nxe4 dxe4 6. e3 Bg7 7. Be2 c5 8. Qc2 cxd4 9. Qxe4 Qa5+ 10. Kd1 Qxg5 11. exd4 Qf5 12. Qe3 0-0 13. Nf3 Nc6 14. Bd3 Qf6 15. Re1 Nxd4 16. Qxd4 Qxf3+ 0-1

[Event "Frankfurt-chA"]
[Site "Frankfurt"]
[Date "2012.06.11"]
[Round "6"]
[White "Steiz, Johann"]
[Black "Weber, Axel"]
[Result "0-1"]
[WhiteElo "1598"]
[BlackElo "1490"]
[PlyCount "56"]
[EventDate "2012.04.30"]
[EventType "swiss"]
[EventRounds "7"]
[EventCountry "GER"]
[SourceTitle "EXT 2013"]
[Source "ChessBase"]
[SourceDate "2012.11.22"]
[SourceVersion "1"]
[SourceVersionDate "2012.11.22"]
[SourceQuality "1"]

1. e4 e6 2. d4 d5 3. e5 c5 4. c3 Nc6 5. Nf3 Nge7 6. Na3 a6 7. Nc2 cxd4 8. cxd4 Ng6 9. Be2 Be7 10. a3 Bd7 11. 0-0 0-0 12. Re1 Rc8 13. Bd3 Na5 14. Ne3 Nf4 15. Bb1 Ng6 16. Bd2 Qb6 17. b4 Nc6 18. Nc2 a5 19. bxa5 Nxa5 20. Bxa5 Qxa5 21. Re3 Ba4 22. Ra2 Qb6 23. Qd2 Qxb1+ 24. Nce1 Nh4 25. Nxh4 Bxh4 26. Rh3 Rc1 27. Re3 Bg5 28. Rb2 Bxe3 0-1

[Event "Frankfurt-chA"]
[Site "Frankfurt"]
[Date "2012.05.14"]
[Round "3"]
[White "Weber, Axel"]
[Black "Froehlich Dill, Astrid"]
[Result "0-1"]
[WhiteElo "1490"]
[BlackElo "1825"]
[PlyCount "112"]
[EventDate "2012.04.30"]
[EventType "swiss"]
[EventRounds "7"]
[EventCountry "GER"]
[SourceTitle "EXT 2013"]
[Source "ChessBase"]
[SourceDate "2012.11.22"]
[SourceVersion "1"]
[SourceVersionDate "2012.11.22"]
[SourceQuality "1"]

1. e4 c5 2. Nf3 Nc6 3. d4 cxd4 4. Nxd4 e6 5. Nc3 a6 6. Nxc6 bxc6 7. Bd3 d5 8. 0-0 d4 9. Ne2 e5 10. f4 f6 11. fxe5 fxe5 12. Bc4 Nf6 13. Qd3 Be7 14. Qg3 Qd6 15. Qxg7 Rf8 16. Bg5 Qc5 17. Bd3 Rg8 18. Qh6 Rg6 19. Qh4 Ng8 20. Bxe7 Qxe7 21. Qxe7+ Kxe7 22. Ng3 Nh6 23. Be2 c5 24. Rf2 Bb7 25. Raf1 Rag8 26. Bf3 Bc6 27. Nf5+ Kd7 28. Nxh6 Rxh6 29. Rd1 Rh4 30. Re1 c4 31. Kh1 Ke7 32. Rd2 Rb8 33. b3 c3 34. Rf2 Rf8 35. g3 Rh6 36. Kg2 Rhf6 37. a4 Rh8 38. Bg4 Rxf2+ 39. Kxf2 d3 40. Bd1 Rf8+ 41. Ke3 d2 42. Rg1 a5 43. g4 Rf4 44. Bf3 Kf6 45. h4 Ke7 46. Rh1 Kf6 47. Rg1 h6 48. Rh1 Kg6 49. Rg1 Kf7 50. Rh1 Bd7 51. Rg1 Kg6 52. Be2 Bc6 53. Bf3 Rf8 54. g5 h5 55. Rh1 Rf4 56. Bg2 Rxh4 0-1

[Event "Frankfurt-chA"]
[Site "Frankfurt"]
[Date "2012.05.08"]
[Round "2"]
[White "Arnold, Michael"]
[Black "Weber, Axel"]
[Result "0-1"]
[WhiteElo "1703"]
[BlackElo "1490"]
[PlyCount "130"]
[EventDate "2012.04.30"]
[EventType "swiss"]
[EventRounds "7"]
[EventCountry "GER"]
[SourceTitle "EXT 2013"]
[Source "ChessBase"]
[SourceDate "2012.11.22"]
[SourceVersion "1"]
[SourceVersionDate "2012.11.22"]
[SourceQuality "1"]

1. e4 e6 2. d3 d5 3. Qe2 Nf6 4. Nf3 Nc6 5. g3 Be7 6. Bg2 dxe4 7. dxe4 e5 8. 0-0 0-0 9. Nc3 Bg4 10. h3 Nd4 11. Qd3 Nxf3+ 12. Bxf3 Bxh3 13. Rd1 Qxd3 14. Rxd3 c6 15. Bg5 Be6 16. Rad1 h6 17. Bc1 Bc4 18. R3d2 Bb4 19. a3 Bxc3 20. bxc3 g5 21. Rd6 Be6 22. Bg2 Ne8 23. R6d3 Nc7 24. Be3 Kg7 25. Bc5 Rfe8 26. Bd6 Bc4 27. Bxc7 Bxd3 28. Rxd3 g4 29. c4 f6 30. c5 Kf7 31. Bf1 Rac8 32. Rd7+ Re7 33. Bc4+ Ke8 34. Rxe7+ Kxe7 35. Bd6+ Kd7 36. a4 a5 37. Bf7 b5 38. axb5 cxb5 39. Kf1 a4 40. Ke2 a3 41. Kd2 Ra8 42. Ba2 Ra4 43. c4 bxc4 44. Kc3 Kc6 45. Bf8 h5 46. Bh6 Kxc5 47. Be3+ Kd6 48. Bc1 Ke7 49. Bd2 Kf8 50. Bc1 Kg7 51. Bd2 Kg6 52. Bc1 f5 53. exf5+ Kxf5 54. Be3 Ke4 55. Bc5 Kf3 56. Be3 Kg2 57. Bc5 Kh3 58. Be7 e4 59. Bg5 Kg2 60. Be3 Kf3 61. Bd4 Ra6 62. Kxc4 Ra4+ 63. Kc3 Rxd4 64. Kxd4 Kxf2 65. Kxe4 Kxg3 0-1

[Event "Frankfurt-ch"]
[Site "Frankfurt"]
[Date "2011.06.14"]
[Round "7"]
[White "Schmitt, Roland"]
[Black "Weber, Axel"]
[Result "1-0"]
[WhiteElo "1893"]
[BlackElo "1452"]
[PlyCount "37"]
[EventDate "2011.05.02"]
[EventType "swiss"]
[EventRounds "7"]
[EventCountry "GER"]
[SourceTitle "EXT 2012"]
[Source "ChessBase"]
[SourceDate "2011.11.24"]
[SourceVersion "1"]
[SourceVersionDate "2011.11.24"]
[SourceQuality "1"]

1. e4 c6 2. d4 d5 3. e5 Bf5 4. g4 Bg6 5. h4 h5 6. e6 fxe6 7. Bd3 Bxd3 8. Qxd3 Nh6 9. Qg6+ Nf7 10. Nf3 Qa5+ 11. c3 c5 12. Ne5 cxd4 13. Nxf7 dxc3 14. Nxh8+ Kd7 15. Nxc3 d4 16. Bd2 dxc3 17. Bxc3 Qa6 18. 0-0-0+ Kc7 19. Qe8 1-0

[Event "Frankfurt-ch"]
[Site "Frankfurt"]
[Date "2011.05.30"]
[Round "5"]
[White "Thomele, Michael"]
[Black "Weber, Axel"]
[Result "1-0"]
[WhiteElo "1905"]
[BlackElo "1452"]
[PlyCount "81"]
[EventDate "2011.05.02"]
[EventType "swiss"]
[EventRounds "7"]
[EventCountry "GER"]
[SourceTitle "EXT 2012"]
[Source "ChessBase"]
[SourceDate "2011.11.24"]
[SourceVersion "1"]
[SourceVersionDate "2011.11.24"]
[SourceQuality "1"]

1. e4 e6 2. Nf3 d5 3. exd5 exd5 4. d4 Nf6 5. Bd3 Bd6 6. Bg5 h6 7. Bh4 0-0 8. 0-0 Re8 9. Nbd2 c6 10. Re1 Be6 11. Ne5 Be7 12. f4 Qb6 13. Ndf3 Nbd7 14. Kh1 Bg4 15. Nxd7 Bxd7 16. Ne5 Qc7 17. Bxf6 Bxf6 18. Qh5 Bxe5 19. dxe5 c5 20. c3 Re7 21. Re3 Rae8 22. Rg3 Qb6 23. Rf1 Re6 24. Qg4 g6 25. Qh4 Kg7 26. f5 Rxe5 27. fxg6 f6 28. Rgf3 Rf8 29. h3 Rg5 30. Re1 Qd6 31. Qf2 f5 32. Rfe3 Rxg6 33. Re7+ Kg8 34. b4 b6 35. Qf3 d4 36. Bc4+ Kh8 37. b5 a6 38. a4 axb5 39. axb5 Bc8 40. Qa8 Qd8 41. Qa7 1-0